000 00266nam a22001217a 4500
008 181019b xxu||||| |||| 00| 0 eng d
041 _aeng
080 _a316
100 _a50
101 _aPSI
245 _aDevelopment Sentence Analysis
_cLee.p
942 _2udc
_cBK
999 _c50249
_d50249